书目信息 |
| 题名: |
钢结构设计与应用
|
|
| 作者: | 刘红波 , 朱恒 主编 | |
| 分册: | ||
| 出版信息: | 北京 中国建筑工业出版社 2022.02 |
|
| 页数: | 178页 | |
| 开本: | 26cm | |
| 丛书名: | 建筑工程应用技术丛书 | |
| 单 册: | ||
| 中图分类: | TU391.04 | |
| 科图分类: | ||
| 主题词: | 钢结构--gang jie gou--结构设计 | |
| 电子资源: | ||
| ISBN: | 978-7-112-26974-7 | |
| 000 | 01318nam 2200265 450 | |
| 001 | 26345 | |
| 005 | 20220920095621.53 | |
| 010 | @a978-7-112-26974-7@dCNY58.00 | |
| 100 | @a20220324d2022 em y0chiy50 ea | |
| 101 | 0 | @achi |
| 102 | @aCN@b110000 | |
| 105 | @aa z 000yy | |
| 200 | 1 | @a钢结构设计与应用@Agang jie gou she ji yu ying yong@d= Design and application of steel structures@f刘红波, 朱恒主编@zeng |
| 210 | @a北京@c中国建筑工业出版社@d2022.02 | |
| 215 | @a178页@c图@d26cm | |
| 225 | 2 | @a建筑工程应用技术丛书@Ajian zhu gong cheng ying yong ji shu cong shu |
| 330 | @a本书基于住房和城乡建设部发布的《建筑业发展“十三五”规划》, 重点介绍了钢结构建筑设计的基本原则、钢结构建筑的设计与应用, 并结合国标规范和项目案例使读者快速掌握设计要点和技巧, 使读者深入理解钢结构建筑的设计特点和难点。同时配有附录视频, 包括理论讲解视频和PKPM软件介绍视频。本书主要内容包括: 钢结构设计概论、单层厂房钢结构设计、大跨度房屋钢结构、多高层房屋钢结构、软件在钢结构设计中的应用、钢结构设计案例解析。 | |
| 410 | 0 | @12001 @a建筑工程应用技术丛书 |
| 510 | 1 | @aDesign and application of steel structures@zeng |
| 606 | 0 | @a钢结构@Agang jie gou@x结构设计 |
| 690 | @aTU391.04@v5 | |
| 701 | 0 | @a刘红波@Aliu hong bo@4主编 |
| 701 | 0 | @a朱恒@Azhu heng@4主编 |
| 801 | 0 | @aCN@c20220910 |
| 905 | @a河南城建学院图书馆@dTU391.04@eL620@f2 | |
| 钢结构设计与应用= Design and application of steel structures/刘红波, 朱恒主编.-北京:中国建筑工业出版社,2022.02 |
| 178页:图;26cm.-(建筑工程应用技术丛书) |
| ISBN 978-7-112-26974-7:CNY58.00 |
| 本书基于住房和城乡建设部发布的《建筑业发展“十三五”规划》, 重点介绍了钢结构建筑设计的基本原则、钢结构建筑的设计与应用, 并结合国标规范和项目案例使读者快速掌握设计要点和技巧, 使读者深入理解钢结构建筑的设计特点和难点。同时配有附录视频, 包括理论讲解视频和PKPM软件介绍视频。本书主要内容包括: 钢结构设计概论、单层厂房钢结构设计、大跨度房屋钢结构、多高层房屋钢结构、软件在钢结构设计中的应用、钢结构设计案例解析。 |
| ● |
| 相关链接 |
|
|
|
正题名:钢结构设计与应用
索取号:TU391.04/L620
 
预约/预借
| 序号 | 登录号 | 条形码 | 馆藏地/架位号 | 状态 | 备注 |
| 1 | 1577351 | 215773517 | 建筑库101/101建筑库 90排4列4层/ [索取号:TU391.04/L620] | 在馆 | |
| 2 | 1577352 | 215773526 | 建筑库101/101建筑库 90排4列4层/ [索取号:TU391.04/L620] | 在馆 |